| 000 | 00533nam a22001817a 4500 | ||
|---|---|---|---|
| 999 |
_c172843 _d172843 |
||
| 005 | 20200213150530.0 | ||
| 010 | _aENG-127736 | ||
| 020 |
_c200.00 _a9789388927291 |
||
| 035 | _aEN-111268 | ||
| 037 | _bDBAD/PUB | ||
| 082 | _a883.08 | ||
| 100 | _aChirag R.Adatiya | ||
| 245 |
_aA Study of Sudhindra Nath Ghose's Novels as Bildungsroman/ _cby Chirag R.Adatiya |
||
| 260 |
_aAhmedabad _c2019 _bVedant Publication |
||
| 270 |
_aRajkot, Ahmedabad, Surat _e360001 _bAhmedabad |
||
| 300 |
_a149p. _b21cm(pbk) |
||
| 942 |
_2ddc _cEN _hCHI |
||